000
00326nam a22001457a 4500
008
230515b ||||| |||| 00| 0 eng d
020
_a
2900763707537
041
_a
eng
080
_2
FOURTH EDITION
_a
34
082
_a
34HAR
100
_a
30
101
_a
JURE
245
_a
HEALTH POLICY
_c
HARRINGTON CH
942
_2
udc
_c
BK
999
_c
59722
_d
59722